Low-power schottky TTL /
Guardado en:
| Autor Corporativo: | |
|---|---|
| Formato: | Libro |
| Idioma: | English |
| Publicado: |
[s.l.] :
Motorola,
c1981.
|
| Series: | Series C-D
|
| Materias: | |
| Etiquetas: |
Agregar Etiqueta
Sin Etiquetas, Sea el primero en etiquetar este registro!
|
| LEADER | 00855nam a22002175a 4500 | ||
|---|---|---|---|
| 001 | EIQ.libpla001205 | ||
| 008 | 060818s1981####xx#a#####c####000#0#eng#d | ||
| 005 | 20080408185301.0 | ||
| 245 | 1 | 0 | |a Low-power schottky TTL / |c prepared by Technical Information Center. |
| 260 | |a [s.l.] : |b Motorola, |c c1981. | ||
| 300 | |a 1 v. (en varias paginaciones) : |b il. ; |c 22 cm. | ||
| 490 | 0 | |a Series C-D | |
| 500 | |a Título de cubierta: Schottky TTl data book. | ||
| 650 | 4 | |a Circuitos integrados |v Catálogos. | |
| 650 | 4 | |a Componentes electrónicos |v Catálogos. | |
| 650 | 4 | |a Integrated circuits |v Catalogs. | |
| 650 | 4 | |a Electronic components |v Catalogs. | |
| 040 | |a AR-BbSID |b spa |c AR-BbSID | ||
| 110 | 2 | |a Technical Information Center. | |
| 859 | |a AR-BbSID |b BIB. PLAPIQUI |h 621.380 |i T 227 |p 2248 |t Ej. 1 |v Ej. 1 | ||
| 859 | |a AR-BbSID |b BIB. PLAPIQUI |h 621.380 |i T 227 |p 2311 |t Ej. 2 |v Ej. 2 | ||
